| 000 | 00648nam a2200193 a 4500 | ||
|---|---|---|---|
| 001 | 15368 | ||
| 003 | CO-ViMGA | ||
| 008 | 141112s2004 ck r 000 u spa d | ||
| 040 |
_aCO-ViMGA _bspa _cCO-ViMGA |
||
| 082 | 0 | 4 | _a303.69 C656he |
| 110 |
_aOficina del alto comisionado para la paz _922331 |
||
| 245 | 1 | 0 |
_aHechos de paz : _bEl comite temático Nacional XXI y las audiencias públicas : _bMomorias del proceso de paz adelantado por el Gobierno Nacional con la FARC - EP |
| 260 |
_aBogotá, _cImprenta Nacional, _c1999 |
||
| 300 | _a36.p. | ||
| 650 | 1 | 4 | _aCOLOMBIA |
| 650 | 1 | 4 |
_aFARC - EP _922332 |
| 650 | 1 | 4 | _aPROCESO DE PAZ |
| 942 |
_2ddc _cBK |
||
| 999 |
_c25705 _d25705 |
||